Research and development in Japan awarded the Okochi Memorial prize
Salvato in:
| Autore principale: | |
|---|---|
| Natura: | Libro |
| Lingua: | Undetermined |
| Pubblicazione: |
Tokyo
Okochi Memorial Foundation
1978
|
| Soggetti: | |
| Tags: |
Aggiungi Tag
Nessun Tag, puoi essere il primo ad aggiungerne! !
|
| Thư viện lưu trữ: | Trung tâm Học liệu Trường Đại học Cần Thơ |
|---|
| LEADER | 00579nam a2200193Ia 4500 | ||
|---|---|---|---|
| 001 | CTU_88607 | ||
| 008 | 210402s9999 xx 000 0 und d | ||
| 082 | |a 607.39 | ||
| 082 | |b O.41 | ||
| 100 | |a Okochi, Masatoshi | ||
| 245 | 0 | |a Research and development in Japan awarded the Okochi Memorial prize | |
| 245 | 0 | |c Masatoshi Okochi | |
| 260 | |a Tokyo | ||
| 260 | |b Okochi Memorial Foundation | ||
| 260 | |c 1978 | ||
| 650 | |a Technological innovations,Okochi memorial prize | ||
| 650 | |z Japan | ||
| 904 | |i Giang,Hải | ||
| 980 | |a Trung tâm Học liệu Trường Đại học Cần Thơ | ||